00504nam a2200169Ia 4500008004100000082000800041100003400049245005700083250000600140260002600146300001000172500002400182650001400206942000700220952009000227999001700317230524s9999 xx 000 0 und d bCHA aSumit kumar Chatterjee942028 0aSelf study Series A Course of Automobile Engineering a1 aNew DelhibUsha Books a412p; aQuantity Number: 1 aMechanics cBK 00104070aTATCLbTATCLcGENd2023-05-24l0o CHAp53884r2023-05-24w2023-05-24yBK c56445d56445